[Event "POR-ch Seniors 50"]
[Site "Luso"]
[Date "2018.03.27"]
[Round "4"]
[White "Tavares, Antonio Americo"]
[Black "Morais, Mario Martins Freit"]
[Result "1-0"]
[WhiteElo "1964"]
[BlackElo "1994"]
[PlyCount "103"]
[EventDate "2018.03.25"]
[EventType "swiss"]
[EventRounds "5"]
[EventCountry "POR"]
[SourceTitle "EXT 2019"]
[Source "ChessBase"]
[SourceDate "2018.10.10"]
[SourceVersion "1"]
[SourceVersionDate "2018.10.10"]
[SourceQuality "1"]

1. d4 d6 2. Nf3 Nd7 3. Bf4 Ngf6 4. h3 c6 5. e3 Ne4 6. Nbd2 Ndf6 7. Bd3 Qa5 8. 0-0 Nxd2 9. Nxd2 Be6 10. c4 g5 11. Bh2 h5 12. b4 Qd8 13. e4 Bg7 14. Rc1 Qd7 15. d5 Bxh3 16. gxh3 Qxh3 17. Qf3 Qg4+ 18. Kh1 Bh6 19. Rcd1 Qh4 20. dxc6 Ng4 21. Qg2 Nxh2 22. Qxh2 Qxh2+ 23. Kxh2 bxc6 24. a4 g4 25. Kg3 Kd7 26. c5 Rag8 27. Rh1 h4+ 28. Kg2 Bf4 29. Nf1 Kc7 30. cxd6+ exd6 31. b5 h3+ 32. Kg1 g3 33. fxg3 Bxg3 34. Nxg3 Rxg3+ 35. Kf2 Rg2+ 36. Kf3 Ra2 37. Ra1 Rd2 38. Ke3 Rb2 39. Raf1 h2 40. Rxf7+ Kb6 41. Rf2 Rh3+ 42. Rf3 Rh4 43. Be2 Rb3+ 44. Kf2 Rb4 45. bxc6 Rxa4 46. Rb3+ Kc7 47. Kg3 Raxe4 48. Bf3 Rd4 49. Rb7+ Kc8 50. Rxh2 Rxh2 51. Kxh2 d5 52. Rxa7 1-0

[Event "POR-ch Seniors 50"]
[Site "Luso"]
[Date "2018.03.26"]
[Round "2"]
[White "Tavares, Antonio Americo"]
[Black "Fernandes, Antonio ETG"]
[Result "0-1"]
[WhiteElo "1964"]
[BlackElo "2423"]
[PlyCount "190"]
[EventDate "2018.03.25"]
[EventType "swiss"]
[EventRounds "5"]
[EventCountry "POR"]
[SourceTitle "EXT 2019"]
[Source "ChessBase"]
[SourceDate "2018.10.10"]
[SourceVersion "1"]
[SourceVersionDate "2018.10.10"]
[SourceQuality "1"]

1. c4 Nf6 2. Nf3 g6 3. Nc3 d5 4. cxd5 Nxd5 5. g3 Bg7 6. Bg2 0-0 7. 0-0 Nc6 8. Ng5 Nb6 9. d3 e5 10. a4 a5 11. Be3 Nd4 12. h4 c6 13. Rb1 Qe7 14. Bd2 h6 15. Nf3 Be6 16. b3 Rfd8 17. Nxd4 exd4 18. Na2 Nxa4 19. bxa4 Bxa2 20. Rb2 Bd5 21. Qb1 Bxg2 22. Kxg2 Rd7 23. Re1 f5 24. Qc1 Kh7 25. Qc4 Rd5 26. Rb6 Rad8 27. Qb3 R8d7 28. Qb2 g5 29. hxg5 hxg5 30. Rh1+ Kg6 31. Kf1 Re5 32. Bc1 Bf6 33. f4 Re6 34. Rh2 g4 35. Qb3 Qf7 36. Qd1 Re8 37. Kf2 Qd5 38. Qb3 Qxb3 39. Rxb3 Bd8 40. Bd2 Rde7 41. Kf1 b6 42. Rb1 Rh7 43. Rxh7 Kxh7 44. Kf2 c5 45. Rh1+ Kg6 46. Rc1 Bf6 47. Rb1 Re6 48. Rb5 Bg7 49. Rb3 Kf7 50. Rb1 Ke7 51. Rb5 Kd7 52. Be1 Bf6 53. Bd2 Bd8 54. Rb1 Rh6 55. Kg2 Ke6 56. Rb5 Kd5 57. Be1 Bc7 58. Bd2 Kc6 59. Bc1 Kd6 60. Bd2 Kd5 61. Bc1 Rc6 62. Bb2 Ke6 63. Kf2 c4 64. Bxd4 cxd3 65. exd3 Rc2+ 66. Kf1 Ra2 67. Bxb6 Bxb6 68. Rxb6+ Kd5 69. Rb5+ Kd4 70. Rxf5 Rxa4 71. Rb5 Ke3 72. f5 Ra1+ 73. Kg2 Ra2+ 74. Kg1 Kf3 75. f6 Ra1+ 76. Kh2 Ra2+ 77. Kg1 Rg2+ 78. Kh1 Kxg3 79. Rf5 Rb2 80. Rf1 Rb8 81. f7 Rf8 82. d4 a4 83. d5 a3 84. d6 a2 85. d7 Rxf7 86. Rg1+ Kf2 87. Rg2+ Kf3 88. Rxa2 Rxd7 89. Ra3+ Kf2 90. Ra2+ Kg3 91. Ra3+ Kh4 92. Ra2 Kh3 93. Rh2+ Kg3 94. Rg2+ Kf3 95. Kg1 g3 0-1

[Event "POR-ch57"]
[Site "Lisbon"]
[Date "2001.09.09"]
[Round "9.23"]
[White "Ferreira, Albano Manuel Pedro"]
[Black "Tavares, Antonio Americo"]
[Result "1/2-1/2"]
[WhiteElo "2000"]
[BlackElo "2000"]
[PlyCount "40"]
[EventDate "2001.09.05"]
[EventType "swiss"]
[EventRounds "9"]
[EventCountry "POR"]
[SourceTitle "EXT 2002"]
[Source "ChessBase"]
[SourceDate "2001.11.25"]
[SourceVersion "1"]
[SourceVersionDate "2001.11.25"]
[SourceQuality "1"]

1. e4 d6 2. d4 g6 3. Nf3 Nf6 4. Nc3 Bg7 5. Bd3 0-0 6. 0-0 Nbd7 7. Be3 Ng4 8. Qd2 Nxe3 9. Qxe3 c5 10. Ne2 Qc7 11. c3 b6 12. d5 a6 13. a4 Nf6 14. Ng3 e6 15. Qd2 c4 16. Bc2 e5 17. Qe2 Bd7 18. Nd2 b5 19. Rfb1 Bh6 20. Ndf1 Nh5 1/2-1/2

[Event "POR-ch57"]
[Site "Lisbon"]
[Date "2001.09.08"]
[Round "8.22"]
[White "Tavares, Antonio Americo"]
[Black "Azevedo, Sergio de Almeida E"]
[Result "1/2-1/2"]
[WhiteElo "2000"]
[BlackElo "2000"]
[PlyCount "77"]
[EventDate "2001.09.05"]
[EventType "swiss"]
[EventRounds "9"]
[EventCountry "POR"]
[SourceTitle "EXT 2002"]
[Source "ChessBase"]
[SourceDate "2001.11.25"]
[SourceVersion "1"]
[SourceVersionDate "2001.11.25"]
[SourceQuality "1"]

1. d4 d5 2. c4 c6 3. e3 e6 4. Nf3 Nf6 5. Nc3 Nbd7 6. Bd2 Be7 7. b3 0-0 8. Bd3 b6 9. 0-0 Bb7 10. Qc2 Qc7 11. e4 dxe4 12. Nxe4 Nxe4 13. Bxe4 Nf6 14. Rfe1 Nxe4 15. Qxe4 c5 16. d5 Bf6 17. Ng5 Bxg5 18. Bxg5 exd5 19. cxd5 Qd7 20. Red1 Rfe8 21. Qh4 Bxd5 22. Rd3 Qf5 23. Qg3 Be4 24. Rdd1 f6 25. Bf4 Re7 26. h4 Qg6 27. Qh3 Rae8 28. Bd6 Bf5 29. Qc3 Rd7 30. Bg3 Red8 31. Re1 Qg4 32. Kh2 Rd3 33. Qc1 Rd1 34. Qe3 R1d3 35. Qe7 R3d7 36. Qe3 Qd4 37. Qf3 Qg4 38. Qe3 Qd4 39. Qf3 1/2-1/2

[Event "POR-ch57"]
[Site "Lisbon"]
[Date "2001.09.04"]
[Round "4.17"]
[White "Rego, Francisco Carvalho"]
[Black "Tavares, Antonio Americo"]
[Result "1-0"]
[WhiteElo "2000"]
[BlackElo "2000"]
[PlyCount "118"]
[EventDate "2001.09.05"]
[EventType "swiss"]
[EventRounds "9"]
[EventCountry "POR"]
[SourceTitle "EXT 2002"]
[Source "ChessBase"]
[SourceDate "2001.11.25"]
[SourceVersion "1"]
[SourceVersionDate "2001.11.25"]
[SourceQuality "1"]

1. c4 Nf6 2. g3 g6 3. Bg2 Bg7 4. Nf3 0-0 5. 0-0 c6 6. Nc3 d5 7. b3 Re8 8. d4 Nbd7 9. cxd5 Nxd5 10. Nxd5 cxd5 11. Bb2 b6 12. Rc1 Ba6 13. Re1 Rc8 14. Qd2 e6 15. Rxc8 Qxc8 16. h4 Qb8 17. e3 Rc8 18. Rc1 Rc7 19. Rxc7 Qxc7 20. Ba3 Bb7 21. Qe2 a6 22. Ne1 Bc6 23. Qxa6 b5 24. Bb4 Nb8 25. Qa3 Qb7 26. Bc5 Na6 27. b4 e5 28. Qc3 e4 29. Bf1 Bf6 30. Bh3 Bd8 31. a3 Kg7 32. Bd6 f5 33. Ng2 Bf6 34. Nf4 Qd7 35. Be5 Kf7 36. Bf1 Be7 37. Be2 Bd6 38. Bxd6 Qxd6 39. Nh3 h6 40. Kg2 Bd7 41. Nf4 Bc6 42. h5 g5 43. Ng6 Kf6 44. Ne5 Be8 45. Qc8 Nc7 46. g4 fxg4 47. Bxg4 Kg7 48. Be2 Qe7 49. Bg4 Qd6 50. Qf5 Na8 51. Qc8 Nc7 52. f3 exf3+ 53. Bxf3 Qe7 54. Qf5 Qf6 55. Qc8 Qe7 56. Bg4 Qd6 57. Qb7 Kg8 58. Bf3 Kf8 59. Qc8 Ne6 1-0